000 00476nam a2200193Ia 4500
003 LK-CoDNM
005 20240320103302.0
008 010623t1914 xxu||||| |||| 00| 1 eng d
040 _aLK-CoDNM
_dLK-CoDNM
_eLK-CoDNM
041 _aeng
080 _aA61
100 _aSumangala,Suriyagoda
245 _aThe Dhammapada
260 _bThe Pali Text Society
_aLondon
_c1914
300 _bDamaged
_avii,95p.,21 cm
650 _aBuddhism
650 _aDhammapadaya
942 _cBK
999 _c88056
_d88056